000 01242nam a2200337 a 4500
001 000108896
003 CHAP
005 20220329144028.0
008 140318s2013 mx sm |||||||spa d
010 _a105358
011 _a106330
040 _cCHAP
090 _aTesis
100 1 _aGamero Pérez, Crisóforo
_9125967
245 1 0 _aCaracterización de la cadena productiva bovinos de engorda del municipio de Atotonilco El Grande, Hidalgo
_h[En línea]
_cpor Crisóforo Gamero Pérez.
260 _aChapingo, Méx. :
_bEl autor,
_c2013.
500 _aPara ver el contenido del material haga clic en la liga
502 _aTesis (Ing. Agr. Esp. en Zootecnia) -- UACH. Departamento de Zootecnia
590 _aBATCH-UPD
_b05
_c20140324
_lUCH01
_h1536
590 _aBATCH-UPD
_b05
_c20141002
_lUCH01
_h0858
590 _aE6096MTM
_b05
_c20140318
_lUCH01
_h1433
590 _aE6096MTM
_b05
_c20140318
_lUCH01
_h1434
590 _aE6096MTM
_b05
_c20140318
_lUCH01
_h1441
650 1 4 _aGanado vacuno
_xEngorda.
_945461
650 1 4 _aGanado vacuno
_xHidalgo.
_945473
650 1 4 _aGanado vacuno
_xProducción.
_945506
856 _aFinding aid
_uhttp://10.13.5.2/tesis/sist108896.pdf
_zTeclea aquí
901 _aBK
942 _cTESIS
942 _n0
999 _c105358
_d105358